Vikram Wasan quiz - Statistics

General Stats
  • This quiz has been taken 13 times
  • The average score is 8 of 15
Answer Stats
Question Answer % Correct
On a scale from 1 to 10 how hot is he 10
100%
is he a bot no
80%
what is is his fathers name raj
80%
is his pp big or small small
80%
what basketball team does he play on thunderbirds
80%
Does he like men yes
80%
is he good at clash royale yes
80%
what is his cute dogs name toby
60%
what is his moms name ana
40%
who is his favorite rapper da baby
40%
Who is better at baskteball him or trey jackson
40%
who is his boyfriend trey
40%
whats his cats name tucker
20%
What is his grandpas name dadaji
0%
who is the best player on his baseball team dylan, aj
0%
No matching quizzes found
Score Distribution
Percent of People with Each Score
Percentile by Number Answered
Your Score History
You have not taken this quiz